Ciencias Sociales, historia: primer ciclo
Salvato in:
| Natura: | Libro |
|---|---|
| Lingua: | spagnolo catalano |
| Pubblicazione: |
Madrid
SM
1998
|
| Serie: | Educación Secundaria Obligatoria
|
| Soggetti: | |
| Tags: |
Aggiungi Tag
Nessun Tag, puoi essere il primo ad aggiungerne!!
|
MARC
| LEADER | 00000nam a2200000 a 4500 | ||
|---|---|---|---|
| 001 | UCN9177 | ||
| 003 | CL-VaPUC | ||
| 008 | 011130e19980000SP |||||||||||||||||spa|d | ||
| 041 | 0 | 7 | |a spa |2 CL-VaPUC |
| 041 | 0 | 7 | |a cat |2 CL-VaPUC |
| 082 | 0 | 4 | |a 372.89 |b CIE |2 21 |
| 245 | 1 | 0 | |a Ciencias Sociales, historia: primer ciclo |
| 300 | |a pág. irreg | ||
| 942 | |c BK | ||
| 945 | |d 20011130 00:00:00 |a vberengu | ||
| 260 | |a Madrid |b SM |c 1998 | ||
| 500 | |a Incluye material didáctico | ||
| 500 | |a CD-ROM: Recursos Didácticos, enfoque pedagógico y metodología | ||
| 500 | |a TEXTO: Ciències Socials: com llegir l'art, llibre del professorat | ||
| 500 | |a 12 Transparencias | ||
| 500 | |a 15 Diapositivas: Ciències Socials: com llegir l'art, crèdit variable tipificat | ||
| 650 | 0 | |a Ciencias sociales |9 256351 | |
| 650 | 0 | |a Planificación del currículo |9 269599 | |
| 650 | 0 | |a Métodos de enseñanza |9 270413 | |
| 583 | |a last modification |c 20011130 00:00:00 |k Rodrigo Vera | ||
| 490 | 0 | |a Educación Secundaria Obligatoria | |
| 999 | |c 298700 |d 298698 | ||
| 952 | |0 0 |1 0 |4 0 |6 372_890000000000000_CIE_1998 |7 0 |8 A |9 354487 |a BIBHIS |b BIBHIS |d 2019-11-21 |i 3776379 |o 372.89 CIE 1998 |p 3776379 |r 2025-01-20 |w 2019-11-21 |y BK |k HIS | ||